Made in Slovakia?

Názor Slovákov na slovenské potraviny. Kde sa v skutočnosti vyrábajú niektoré pravé slovenské značky. Výroba fľaškového piva Šariš na Slovensku a plechovkového v Budapešti. Slovenský Korunný cukor vyrábaný v Čechách, Rakúsku a Maďarsku. Zemiakové lupienky Slovakia chips vyrábané v Čechách. Oleje s n...

ver descrição completa

Na minha lista:
Detalhes bibliográficos
Autor principal: Kremská, Erika
Formato: Capítulo de Livro
Idioma:eslovaco
Assuntos:
Tags: Adicionar Tag
Sem tags, seja o primeiro a adicionar uma tag!

MARC

LEADER 00000naa$a2200000$$$4500
001 0050025
005 20230719095849.0
041 0 |a slo 
044 |a SK 
245 1 0 |a Made in Slovakia?  |c Erika Kremská 
520 |a Názor Slovákov na slovenské potraviny. Kde sa v skutočnosti vyrábajú niektoré pravé slovenské značky. Výroba fľaškového piva Šariš na Slovensku a plechovkového v Budapešti. Slovenský Korunný cukor vyrábaný v Čechách, Rakúsku a Maďarsku. Zemiakové lupienky Slovakia chips vyrábané v Čechách. Oleje s názvom Madit v súčasnosti vyrábané v Maďarsku. Príčiny zahraničnej výroby slovenských značiek. 
610 2 0 |a výroba 
610 2 0 |a výrobcovia 
610 2 0 |a produkty 
610 2 0 |a značky výrobkov 
610 2 0 |a investície zo zahraničia 
610 2 0 |a spoločnosti nadnárodné 
610 2 0 |a Slovensko 
100 1 |a Kremská, Erika